[Event "Titled Tue 17th Jun Early"]
[Site "chess.com INT"]
[Date "2025.06.17"]
[Round "5"]
[White "Purushothaman, Thirumalai"]
[Black "Pontes, Luiz Felizola Lima"]
[Result "1-0"]
[WhiteTitle "FM"]
[WhiteElo "2027"]
[BlackElo "2062"]
[WhiteFideId "5012791"]
[BlackFideId "44709919"]
[EventDate "2025.06.17"]

1. e4 e5 2. Nf3 Nc6 3. d4 exd4 4. Bc4 Nf6 5. e5 d5 6. Bb5 Ne4 7. Nxd4 Bd7 8.
Bxc6 bxc6 9. O-O Bc5 10. f3 Ng5 11. Be3 Ne6 12. c3 Qb8 13. b4 Bxd4 14. Bxd4 Nxd4
15. Qxd4 Qb6 16. Qxb6 cxb6 17. Nd2 Ke7 18. Nb3 Rhc8 19. f4 h5 20. f5 c5 21. bxc5
bxc5 22. Rad1 Bc6 23. Nxc5 Bb5 24. Nd3 Rxc3 25. f6+ gxf6 26. exf6+ Kd6 27. Rf3
Bxd3 28. Rfxd3 Rxd3 29. Rxd3 Re8 30. Kf2 Re6 31. Rf3 Ke5 32. Rh3 Rxf6+ 33. Ke3
d4+ 34. Kd3 Rf5 35. Rh4 Rf2 36. Rxh5+ f5 37. g4 Rf3+ 38. Ke2 Ke4 39. Rxf5 Ra3
40. Kd1 Rxa2 41. h4 Kd3 42. Rf3+ Ke4 43. Rh3 d3 44. Kc1 Kd4 45. Kb1 Rf2 46. h5
Kc3 47. h6 Rf8 48. h7 Rf1+ 49. Ka2 Rf8 50. h8=Q+ Rxh8 51. Rxh8 d2 52. Rd8 Kc2
53. Rxd2+ Kxd2 54. g5 1-0

[Event "Titled Tue 17th Jun Early"]
[Site "chess.com INT"]
[Date "2025.06.17"]
[Round "5"]
[White "Sapocinic, Semion"]
[Black "Przybylski, Bartosz"]
[Result "1-0"]
[WhiteTitle "FM"]
[BlackTitle "CM"]
[WhiteElo "2296"]
[BlackElo "2101"]
[WhiteFideId "13908693"]
[BlackFideId "21878323"]
[EventDate "2025.06.17"]

1. d4 d5 2. c4 c6 3. Nf3 e6 4. e3 Nf6 5. Nc3 Nbd7 6. Be2 Bd6 7. O-O dxc4 8. a4
O-O 9. Nd2 e5 10. Nxc4 Bc7 11. b3 exd4 12. exd4 Nd5 13. Nxd5 cxd5 14. Ne3 Nf6
15. Bf3 Be6 16. Ba3 Bd6 17. Bxd6 Qxd6 18. Qd2 a6 19. Rfc1 Rfc8 20. Rxc8+ Rxc8
21. Rc1 Qd7 22. h3 h6 23. Rc3 Rxc3 24. Qxc3 g6 25. Qc5 Kg7 26. a5 h5 27. Kh2 Kg8
28. h4 Kg7 29. g3 Kg8 30. Kg2 Kg7 31. Kg1 Kg8 32. Ng2 Bg4 33. Bxg4 Qxg4 34. Ne3
Qf3 35. Qc2 Ne4 36. Nxd5 Kg7 37. Nf4 g5 38. hxg5 Nxg5 39. Qe2 Qxe2 40. Nxe2 Nf3+
41. Kg2 Nd2 42. b4 Kf6 43. Nf4 Kg5 44. Nd3 Nb3 45. d5 Kf5 46. Nc5 Nd4 47. Nxb7
Ke5 48. d6 Ke6 49. Nc5+ Kxd6 50. Nxa6 Kc6 51. Nc5 Kb5 52. Nd3 f5 53. Kh3 Ne2 54.
Kh4 Nc3 55. Kxh5 Ne4 56. Kh4 Nd6 57. Kg5 Ne4+ 58. Kxf5 Nd6+ 59. Ke5 Nc4+ 60. Kd4
Nd6 61. g4 Nf7 62. f4 Nd8 63. f5 Nc6+ 64. Kd5 Nd8 65. g5 Nf7 66. g6 Ng5 67. g7
Nh7 68. Ke6 Kc4 69. Ne5+ Kb5 70. g8=Q Ng5+ 71. Qxg5 Ka6 72. Qe3 Kb7 73. Qb6+ Ka8
74. Qa6+ Kb8 75. Nd7+ Kc7 76. Qb6+ Kc8 77. Qb8# 1-0

[Event "Titled Tue 17th Jun Early"]
[Site "chess.com INT"]
[Date "2025.06.17"]
[Round "5"]
[White "Rustamov, Rustam"]
[Black "Injac, Teodora"]
[Result "1/2-1/2"]
[WhiteTitle "FM"]
[BlackTitle "IM"]
[WhiteElo "2334"]
[BlackElo "2457"]
[WhiteFideId "13440110"]
[BlackFideId "932400"]
[EventDate "2025.06.17"]

1. e4 e5 2. Nf3 Nc6 3. Bb5 a6 4. Ba4 d6 5. h3 Nf6 6. O-O Bd7 7. d4 g6 8. dxe5
Nxe5 9. Bxd7+ Qxd7 10. Nxe5 dxe5 11. Qf3 Bg7 12. Rd1 Qe6 13. Nc3 O-O 14. Nd5
Nxd5 15. exd5 Qe7 16. Qb3 b5 17. a4 b4 18. Be3 Rab8 19. Qc4 Qf6 20. Qc6 e4 21.
Rab1 Qxc6 22. dxc6 Rfd8 23. Bf4 Rdc8 24. Rd7 Rb6 25. Rbd1 h5 26. Rd8+ Rxd8 27.
Rxd8+ Kh7 28. Rd7 Rxc6 29. Rxf7 Kg8 30. Rxc7 Rxc7 31. Bxc7 Bxb2 32. Kf1 Kf7 33.
Ke2 Ke6 34. Kd2 Kd5 35. g4 hxg4 36. hxg4 Bd4 37. Ke2 Kc4 38. Bg3 Kc3 39. Kd1 Kb2
40. Kd2 Ka3 41. a5 Ka4 42. Bc7 Kb5 43. Ke2 Kc4 44. Bb6 Bc5 45. Ke1 Kb5 46. Bd8
Bd6 47. Ke2 Bf4 48. Bb6 Kc4 49. Bd8 Kc3 50. Kd1 Kc4 51. Bb6 Kc3 52. Bd8 Kc4 53.
Bb6 Kc3 54. Bd8 1/2-1/2

[Event "Titled Tue 17th Jun Early"]
[Site "chess.com INT"]
[Date "2025.06.17"]
[Round "5"]
[White "Ozen, Batuhan"]
[Black "Lyakh, Vasiliy"]
[Result "0-1"]
[WhiteTitle "CM"]
[WhiteElo "2128"]
[BlackElo "2123"]
[WhiteFideId "6345123"]
[BlackFideId "14189828"]
[EventDate "2025.06.17"]

1. c4 e5 2. Nf3 Nc6 3. Nc3 Bb4 4. g3 Bxc3 5. bxc3 d6 6. Bg2 f5 7. d3 Nf6 8. O-O
O-O 9. Rb1 Qe8 10. d4 Qh5 11. c5 e4 12. Ne1 dxc5 13. Bf4 cxd4 14. cxd4 Rd8 15.
e3 Qxd1 16. Rxd1 Nd5 17. Nc2 h6 18. Rb1 g5 19. Be5 Nxe5 20. dxe5 c5 21. f3 exf3
22. Bxf3 b6 23. e4 fxe4 24. Bxe4 Be6 25. Rbd1 Rac8 26. Bxd5 Rxd5 27. Rxd5 Bxd5
28. Ne3 Bxa2 29. Ra1 Be6 30. Rxa7 c4 31. Re7 Rc6 32. Nc2 Kf8 33. Rh7 Bf7 34. Nd4
Rg6 35. Rh8+ Bg8 36. e6 c3 37. Kf2 Ke7 38. Ke3 Bxe6 39. Rb8 Bc4 40. Nf5+ Kd7 41.
Kd4 Rc6 42. Rh8 c2 43. Rh7+ Ke8 44. Re7+ Kf8 45. Re1 Be6 46. Ne3 c1=Q 0-1

[Event "Titled Tue 17th Jun Early"]
[Site "chess.com INT"]
[Date "2025.06.17"]
[Round "5"]
[White "Shymanskyi, Oleksandr"]
[Black "Filev, Georgi"]
[Result "0-1"]
[WhiteTitle "FM"]
[BlackTitle "FM"]
[WhiteElo "2218"]
[BlackElo "2189"]
[WhiteFideId "14168880"]
[BlackFideId "2907500"]
[EventDate "2025.06.17"]

1. e4 c5 2. Nf3 d6 3. d4 cxd4 4. Nxd4 Nf6 5. Nc3 g6 6. Be3 Nc6 7. f3 h5 8. Qd2
Nxd4 9. Qxd4 Bg7 10. Qd2 Be6 11. Bb5+ Kf8 12. h4 Qa5 13. Be2 Rc8 14. O-O Nd7 15.
Bd4 Bxd4+ 16. Qxd4 Qc5 17. Rad1 a6 18. a3 b5 19. Kh2 Qxd4 20. Rxd4 Kg7 21. f4
Nb6 22. f5 Bc4 23. f6+ Kf8 24. fxe7+ Kxe7 25. Bxc4 Rxc4 26. Nd5+ Nxd5 27. Rxc4
bxc4 28. exd5 Rb8 29. Rf4 Rxb2 30. Rxc4 Rb5 31. Rc7+ Kf6 32. c4 Ra5 33. Rd7 Ke5
34. Rxf7 Rxa3 35. Re7+ Kd4 36. Re6 Kc5 37. Rxg6 Rc3 38. g4 Rxc4 39. Kh3 hxg4+
40. Rxg4 Rc1 41. Ra4 Kb5 42. Ra2 a5 43. h5 a4 44. h6 Kb4 45. h7 Rc8 46. Rc2 Rh8
47. Rc7 a3 48. Kg4 a2 49. Ra7 Kb3 50. Kf5 Rxh7 51. Rxh7 a1=Q 52. Ke6 Qe5+ 53.
Kd7 Qf5+ 54. Kxd6 Qxh7 55. Kc6 Kc4 56. d6 Qe4+ 57. Kc7 Kc5 58. d7 Qc6+ 59. Kd8
Kd6 60. Ke8 Qxd7+ 0-1

[Event "Titled Tue 17th Jun Early"]
[Site "chess.com INT"]
[Date "2025.06.17"]
[Round "5"]
[White "Bodemar, Jonathan"]
[Black "Krawczyk, Flawian"]
[Result "0-1"]
[WhiteTitle "CM"]
[BlackTitle "CM"]
[WhiteElo "2150"]
[BlackElo "2247"]
[WhiteFideId "6205488"]
[BlackFideId "21881413"]
[EventDate "2025.06.17"]

1. e4 c6 2. d4 d5 3. exd5 cxd5 4. Bd3 Nf6 5. c3 Nc6 6. Bf4 Bg4 7. Qb3 Qd7 8. Nd2
e6 9. Ngf3 Bd6 10. Bxd6 Qxd6 11. O-O O-O 12. Rfe1 Ne7 13. Ne5 Bf5 14. Qc2 Rab8
15. a4 Rfc8 16. Bxf5 Nxf5 17. Qd3 Nd7 18. g4 Nh4 19. Qh3 Ng6 20. Ndf3 f6 21.
Nxd7 Qxd7 22. g5 Rc6 23. gxf6 gxf6 24. Kh1 Rf8 25. Rg1 Rf7 26. Qh6 Rg7 27. Rg2
Rb6 28. Rag1 e5 29. Nh4 f5 30. dxe5 Qe6 31. f4 d4 32. cxd4 Qd5 33. Nxf5 Rf7 34.
Qg5 Kh8 35. Nh4 Rg7 36. f5 Rxb2 37. fxg6 Rxg2 38. Qxg2 Qxd4 39. e6 Qxh4 40. Qf3
hxg6 41. Rg3 Qb4 42. Qf6 Kg8 43. Qd8+ Qf8 44. Qd5 Qe7 45. Rg2 g5 46. h3 Kh8 47.
Kh2 a6 48. Qe5 Kg8 49. Rd2 g4 0-1

[Event "Titled Tue 17th Jun Early"]
[Site "chess.com INT"]
[Date "2025.06.17"]
[Round "5"]
[White "Shahinyan, Vladimir"]
[Black "Sasvatha A"]
[Result "0-1"]
[WhiteTitle "CM"]
[BlackTitle "WCM"]
[WhiteElo "2202"]
[BlackElo "1760"]
[WhiteFideId "13314599"]
[BlackFideId "45010862"]
[EventDate "2025.06.17"]

1. c4 e6 2. Nc3 d5 3. cxd5 exd5 4. d4 Nf6 5. Bf4 Be7 6. e3 c6 7. Bd3 O-O 8. Nge2
Nbd7 9. O-O Re8 10. Rb1 a5 11. a3 Nf8 12. b4 Ng6 13. Bxg6 hxg6 14. b5 Bxa3 15.
bxc6 bxc6 16. Qa4 Be7 17. Qxc6 Be6 18. Qa4 Qd7 19. Rb6 Rec8 20. Ra1 Bb4 21. Nb5
Rc6 22. Rxc6 Qxc6 23. Nc7 Qxa4 24. Rxa4 Rc8 25. f3 Nh5 26. Nxe6 fxe6 27. Ra2 Kf7
28. g4 Nf6 29. Kf2 Nd7 30. Bg3 Nb6 31. Nf4 Nc4 32. Nd3 Bc3 33. Rc2 Bb4 34. Ne5+
Ke7 35. Nxg6+ Ke8 36. Ne5 a4 37. Nd3 Be7 38. Nc1 a3 39. h4 Ra8 40. h5 Kf7 41.
Bf4 Bb4 42. g5 Be7 0-1

[Event "Titled Tue 17th Jun Early"]
[Site "chess.com INT"]
[Date "2025.06.17"]
[Round "5"]
[White "Ahn, Hongjin"]
[Black "Jovic, Stanoje"]
[Result "1-0"]
[WhiteTitle "IM"]
[BlackTitle "FM"]
[WhiteElo "2304"]
[BlackElo "2096"]
[WhiteFideId "13201492"]
[BlackFideId "905020"]
[EventDate "2025.06.17"]

1. e4 c6 2. d4 d5 3. exd5 cxd5 4. Nf3 Nc6 5. Ne5 g6 6. Bb5 Qb6 7. c4 f6 8. Nxc6
bxc6 9. Ba4 dxc4 10. O-O Nh6 11. d5 Bd7 12. Be3 Qb7 13. dxc6 Bxc6 14. Qd5 Rc8
15. Na3 Qd7 16. Bxc6 Qxc6 17. Qxc6+ Rxc6 18. Rac1 c3 19. Nb5 c2 20. Nxa7 Ra6 21.
a3 Nf5 22. Nb5 Nxe3 23. fxe3 Rb6 24. a4 Bh6 25. Kf2 Kf7 26. Rxc2 Rd8 27. Re1 Rd3
28. Rc3 Rd2+ 29. Re2 Rd1 30. Rec2 f5 31. b4 Rb1 32. Rc4 Re6 33. Re2 Rb3 34. e4
fxe4 35. Rcxe4 Rf6+ 36. Kg1 Rb1+ 37. Re1 Rb2 38. Rf1 Rxf1+ 39. Kxf1 Kf6 40. h3
e5 41. Rc4 Be3 42. a5 Rf2+ 43. Ke1 Rxg2 44. Nc3 Bd4 45. Nb5 Bg1 46. a6 Ra2 47.
Rc6+ Kf5 48. Nc3 Ra3 49. Ke2 e4 50. b5 Bd4 51. Nd5 1-0

[Event "Titled Tue 17th Jun Early"]
[Site "chess.com INT"]
[Date "2025.06.17"]
[Round "5"]
[White "Goncharov, Vladimir"]
[Black "Rathbone-Jones, Ifan"]
[Result "1/2-1/2"]
[BlackTitle "CM"]
[WhiteElo "2077"]
[BlackElo "2208"]
[WhiteFideId "34162256"]
[BlackFideId "1803859"]
[EventDate "2025.06.17"]

1. d4 c5 2. d5 Nf6 3. Nc3 d6 4. e4 g6 5. h3 Bg7 6. Nf3 a6 7. a4 Nbd7 8. Be2 Rb8
9. O-O O-O 10. Bf4 b5 11. axb5 axb5 12. e5 Nh5 13. Bh2 Nxe5 14. Nxe5 dxe5 15.
Bxb5 Nf4 16. Ra2 e6 17. dxe6 Bxe6 18. b3 Qg5 19. Bxf4 exf4 20. Ne4 Qe5 21. Bd3
Rfd8 22. Re1 c4 23. bxc4 Bxc4 24. Ra4 Bxd3 25. cxd3 Qb5 26. Rc4 Qxc4 27. dxc4
Rxd1 28. Rxd1 f5 29. Ng5 Bf6 30. Nf3 Rd8 31. Rxd8+ Bxd8 32. Kf1 Kf7 33. Ke2 Ke6
34. Nd2 Bb6 35. f3 Ke5 36. Kd3 g5 37. Nb3 h5 38. c5 Bc7 39. Kc4 g4 40. Nd4 gxf3
41. gxf3 Kf6 42. Nb5 Be5 43. h4 Ke6 44. c6 Ke7 45. Nd4 Kd6 46. Nxf5+ Kxc6 47.
Nd4+ Kd6 48. Ne2 Ke6 49. Kd3 Kf5 50. Kc4 Bf6 51. Nd4+ Ke5 52. Nc6+ Kf5 53. Kd5
Bxh4 54. Nd4+ Kf6 55. Ke4 Bg3 56. Ne2 h4 57. Nxf4 Kg5 58. Nh3+ Kh5 59. Ke3 Kg6
60. f4 Kf5 61. Kf3 Bxf4 62. Nxf4 h3 63. Nxh3 1/2-1/2

[Event "Titled Tue 17th Jun Early"]
[Site "chess.com INT"]
[Date "2025.06.17"]
[Round "5"]
[White "Palomo, Franklin Annervys"]
[Black "Boramanikar, Tanisha S"]
[Result "1-0"]
[WhiteTitle "FM"]
[BlackTitle "WCM"]
[WhiteElo "2243"]
[BlackElo "1743"]
[WhiteFideId "3906965"]
[BlackFideId "35023454"]
[EventDate "2025.06.17"]

1. e4 c5 2. Nf3 Nc6 3. Bb5 d6 4. O-O Bd7 5. Re1 g6 6. c3 Bg7 7. d4 cxd4 8. cxd4
Nf6 9. Nc3 O-O 10. h3 a6 11. Bf1 b5 12. Bf4 b4 13. Nd5 Nxd5 14. exd5 Na7 15. Qd2
a5 16. Bg5 Re8 17. Qf4 Bb5 18. Be2 Qd7 19. h4 Qb7 20. Qe4 e6 21. Bxb5 Nxb5 22.
dxe6 Qxe4 23. Rxe4 Rxe6 24. Rxe6 fxe6 25. Re1 Kf7 26. Be3 Rc8 27. Re2 a4 28. Kh2
a3 29. bxa3 bxa3 30. Kh3 Rc4 31. g3 Nxd4 32. Bxd4 Bxd4 33. Ng5+ Kg8 34. Nxe6 Be5
35. f4 Bb2 36. Ng5 h6 37. Re8+ Kg7 38. Ne4 Rd4 39. Nf2 Kf7 40. Ra8 Rd2 41. Ne4
Rd1 42. Kg4 Ra1 43. Nxd6+ Ke6 44. Nc4 Rxa2 45. Ra5 Ra1 46. h5 gxh5+ 47. Kxh5 Bc1
48. Kxh6 a2 49. Kg5 Rb1 50. Rxa2 Rb5+ 51. Kg4 Rb4 52. Ne5 Kf6 53. Ra6+ Kg7 54.
Kf5 Rb5 55. Ra7+ Kf8 56. Rc7 Bb2 57. g4 Rd5 58. g5 Rd6 59. g6 1-0

[Event "Titled Tue 17th Jun Early"]
[Site "chess.com INT"]
[Date "2025.06.17"]
[Round "5"]
[White "Panin, Mikhail"]
[Black "Melamed, Daniel"]
[Result "1-0"]
[WhiteTitle "CM"]
[BlackTitle "CM"]
[WhiteElo "2255"]
[BlackElo "2047"]
[WhiteFideId "34164992"]
[BlackFideId "3229076"]
[EventDate "2025.06.17"]

1. e4 c5 2. Nf3 e6 3. g3 Nf6 4. e5 Nd5 5. Nc3 Nc6 6. Bg2 d6 7. exd6 Bxd6 8. O-O
O-O 9. Re1 Re8 10. d3 h6 11. Bd2 Bd7 12. Ne4 Be7 13. c4 Nf6 14. Bc3 Rc8 15. Qd2
b6 16. Rad1 Rc7 17. b3 Bc8 18. Qb2 Bb7 19. Nxf6+ Bxf6 20. Bxf6 Qxf6 21. Qxf6
gxf6 22. d4 Nxd4 23. Nxd4 cxd4 24. Rxd4 Bxg2 25. Kxg2 f5 26. Red1 Kg7 27. Kf3
Kf6 28. Rd8 Rxd8 29. Rxd8 Rc5 30. Rd7 Ra5 31. a4 Ra6 32. Ke3 Ra5 33. f4 e5 34.
Rd6+ Kg7 35. fxe5 Rxe5+ 36. Kf4 Re4+ 37. Kf3 Re1 38. Rd3 Rb1 39. Kf4 Kg6 40.
Rd6+ f6 41. Rd3 Rb2 42. h3 h5 43. h4 Rb1 44. Ke3 Kf7 45. Kd4 Ke6 46. Re3+ Kd6
47. Kc3 Rg1 48. Kb4 Kc6 49. Rf3 Kd6 50. Rxf5 Rxg3 51. Rxf6+ Ke5 52. Rh6 Kf4 53.
Rxh5 Kg4 54. Rg5+ Kxh4 55. Rxg3 Kxg3 56. Kb5 Kf4 57. Ka6 Ke5 58. Kxa7 Kd4 59.
Kxb6 Kc3 60. c5 Kxb3 61. a5 1-0

[Event "Titled Tue 17th Jun Early"]
[Site "chess.com INT"]
[Date "2025.06.17"]
[Round "5"]
[White "Valle Luis, Leo"]
[Black "Montejo Bello, Lorena Beatriz"]
[Result "1-0"]
[WhiteTitle "FM"]
[BlackTitle "WFM"]
[WhiteElo "2301"]
[BlackElo "2090"]
[WhiteFideId "54577187"]
[BlackFideId "3529045"]
[EventDate "2025.06.17"]

1. e4 e5 2. Nf3 Nc6 3. Bb5 a6 4. Ba4 Nf6 5. O-O Be7 6. Re1 b5 7. Bb3 d6 8. c3
O-O 9. h3 Bb7 10. d4 Re8 11. Nbd2 Bf8 12. a4 h6 13. Bc2 exd4 14. cxd4 Nb4 15.
Bb1 c5 16. Ra3 g6 17. d5 Bg7 18. Nf1 Qd7 19. Ng3 bxa4 20. Rxa4 a5 21. Ra3 Re7
22. Bd2 Qc7 23. Qc1 Kh7 24. Bf4 Nd7 25. h4 Ba6 26. h5 c4 27. hxg6+ fxg6 28. Bd2
Nc5 29. e5 Ncd3 30. Bxd3 Nxd3 31. Rxd3 cxd3 32. Bc3 dxe5 33. Ne4 Qd8 34. d6 Re6
35. Qe3 Qe8 36. Qc5 Rc8 37. Qd5 Qf7 38. Nfg5+ hxg5 39. Nxg5+ Kg8 40. Nxf7 Kxf7
41. d7 Rd8 42. Re3 Ke7 43. Qc5+ Kf7 44. Qc7 Ke7 45. Rf3 Rxd7 46. Rf7+ Kxf7 47.
Qxd7+ Re7 48. Qd5+ Kf8 49. Qxa5 Bc8 50. Bb4 e4 51. Qd8+ Kf7 52. Qxe7+ Kg8 53.
Qe8+ Kh7 54. Qxc8 Kh6 55. Qh3+ Kg5 56. Bd2+ Kf6 57. Qd7 Ke5 58. Bc3+ Kf4 59.
Qf7+ Kg4 60. Qxg7 d2 61. Qxg6+ Kf4 62. g3+ Kf3 63. Qh5# 1-0

[Event "Titled Tue 17th Jun Early"]
[Site "chess.com INT"]
[Date "2025.06.17"]
[Round "5"]
[White "Reshetnikov, Alexey"]
[Black "Platzgummer, Fabian"]
[Result "1/2-1/2"]
[WhiteTitle "IM"]
[BlackTitle "IM"]
[WhiteElo "2492"]
[BlackElo "2293"]
[WhiteFideId "4162080"]
[BlackFideId "1617222"]
[EventDate "2025.06.17"]

1. d4 d5 2. c4 dxc4 3. e3 Be6 4. Qc2 Nf6 5. Nf3 c5 6. Bxc4 Bxc4 7. Qxc4 e6 8.
O-O cxd4 9. Rd1 Nc6 10. Nc3 Be7 11. Nxd4 Nxd4 12. Rxd4 Qc8 13. Qa4+ Qc6 14.
Qxc6+ bxc6 15. b3 Nd5 16. Bb2 Bf6 17. Rc4 Nxc3 18. Bxc3 Bxc3 19. Rxc3 Rc8 20.
Rac1 Kd7 21. Rc4 Rc7 22. Rd1+ Kc8 23. Kf1 h5 24. Ke2 g6 25. Rd6 Kb7 26. h4 c5
27. Kf3 Rhc8 28. Kf4 Rc6 29. Rd7+ R8c7 30. Rxc7+ Rxc7 31. Ke5 Kc6 32. b4 Kd7 33.
Rxc5 Rb7 34. a3 Ke7 35. b5 f6+ 36. Kd4 Kd6 37. Rc6+ Kd7 38. a4 Rb8 39. e4 g5 40.
Ra6 Rb7 41. e5 fxe5+ 42. Kxe5 gxh4 43. Rd6+ Kc7 44. Rxe6 Rb8 45. Rh6 Rg8 46.
Rxh5 Rxg2 47. f3 Rh2 48. Kf4 Ra2 49. Rxh4 Rxa4+ 50. Kg3 Ra5 51. Rb4 Kb6 52. f4
Rxb5 53. Rxb5+ Kxb5 54. f5 Kc6 55. Kf4 Kd7 56. Ke5 Ke7 57. Kd5 a5 58. Kc5 a4 59.
Kb4 a3 60. Kxa3 Kd6 61. Kb4 Ke5 62. Kc4 Kf6 63. Kd5 Kxf5 1/2-1/2

[Event "Titled Tue 17th Jun Early"]
[Site "chess.com INT"]
[Date "2025.06.17"]
[Round "5"]
[White "Durarbayli, Vasif"]
[Black "Jake Shanty"]
[Result "1-0"]
[WhiteTitle "GM"]
[BlackTitle "FM"]
[WhiteElo "2612"]
[BlackElo "2252"]
[WhiteFideId "13402935"]
[BlackFideId "33478066"]
[EventDate "2025.06.17"]

1. e4 c5 2. Nf3 d6 3. d4 cxd4 4. Nxd4 Nf6 5. Nc3 a6 6. Be2 e5 7. Nb3 Be7 8. h4
h5 9. Bg5 Be6 10. Bxf6 Bxf6 11. Bxh5 Bxh4 12. Bg4 Bxf2+ 13. Kxf2 Rxh1 14. Qxh1
Bxg4 15. Qh8+ Kd7 16. Qxg7 Be6 17. Nc5+ Kc6 18. Nxe6 fxe6 19. Qf7 Nd7 20. Qxe6
Qh4+ 21. Ke2 Rf8 22. Rf1 Qh5+ 23. Ke1 Qh4+ 24. Ke2 Qh5+ 25. Rf3 Rxf3 26. gxf3
Qh2+ 27. Kd1 Qg1+ 28. Kd2 Qf2+ 29. Ne2 Qxf3 30. Qd5+ Kc7 31. b4 Qf2 32. a4 Nb6
33. Qb3 Kb8 34. a5 Nc8 35. Qd5 Qf3 36. c3 Qf2 37. Qd3 Qg2 38. Kc2 Qf2 39. Kb3
Qe1 40. Kb2 Qf2 41. Ka3 Qe1 42. Ng3 Qa1+ 43. Kb3 Qg1 44. Nf5 Qg8+ 45. Kb2 Qd8
46. Qd5 Qc7 47. Kb3 Qc6 48. Ne3 Qc7 49. Qd3 Qc6 50. Nd5 Qd7 51. Qf3 Qe6 52. Qf8
Qd7 53. Nb6 Qe6+ 54. Ka3 Kc7 55. Nd5+ Kb8 56. Qd8 Qf7 57. Nb6 Qc7 58. Nd7+ Qxd7
59. Qxd7 1-0

[Event "Titled Tue 17th Jun Early"]
[Site "chess.com INT"]
[Date "2025.06.17"]
[Round "5"]
[White "Zhigalko, Sergei"]
[Black "Gurel, Ediz"]
[Result "1-0"]
[WhiteTitle "GM"]
[BlackTitle "GM"]
[WhiteElo "2572"]
[BlackElo "2636"]
[WhiteFideId "13502956"]
[BlackFideId "44507356"]
[EventDate "2025.06.17"]

1. e4 Nf6 2. e5 Nd5 3. d4 d6 4. Nf3 g6 5. Bc4 c6 6. h3 Bg7 7. O-O O-O 8. Qe2 Bf5
9. Bb3 dxe5 10. dxe5 Nd7 11. Rd1 Qc7 12. c4 Nb4 13. Bf4 Nc5 14. Nd4 Bd3 15. Qe3
Rad8 16. Nc3 Qc8 17. Rd2 Nxb3 18. axb3 c5 19. Ndb5 Nc2 20. Rxc2 Bxc2 21. Nd5 Qd7
22. Rxa7 Ra8 23. Rxa8 Rxa8 24. Qxc5 Bxb3 25. Nxe7+ Kh8 26. Nd5 Qc6 27. Qe3 Bxc4
28. Nbc7 Ra1+ 29. Kh2 Bxd5 30. e6 Bxe6 31. Be5 Ra8 32. Nxa8 f6 33. Bd4 b5 34.
Nb6 h5 35. Kg1 Kh7 36. Qe2 Bf5 37. Be3 Bf8 38. Qd2 Bd6 39. Qd4 Be5 40. Qb4 Bd6
41. Qd4 Be5 42. Qb4 Kg8 43. Qe7 Be6 44. Qd8+ Kf7 45. Qh8 Bf5 46. Qh7+ Ke8 47.
Qg8+ Ke7 48. Qg7+ Ke8 49. Qg8+ Ke7 50. Qg7+ Ke6 51. Qg8+ Kd6 52. b4 Qc7 53. Qf8+
Kc6 54. Qe8+ Kb7 55. Qa8# 1-0

[Event "Titled Tue 17th Jun Early"]
[Site "chess.com INT"]
[Date "2025.06.17"]
[Round "5"]
[White "Darmanin, Jake"]
[Black "Cramling Bellon, Anna"]
[Result "1-0"]
[WhiteTitle "CM"]
[BlackTitle "WFM"]
[WhiteElo "2052"]
[BlackElo "2046"]
[WhiteFideId "5601061"]
[BlackFideId "32009232"]
[EventDate "2025.06.17"]

1. e4 c5 2. Nf3 e6 3. c3 Nf6 4. e5 Nd5 5. d4 cxd4 6. cxd4 d6 7. a3 Qc7 8. Bd3
Nc6 9. O-O Be7 10. Re1 O-O 11. Bd2 f6 12. exf6 Bxf6 13. Nc3 Nxd4 14. Nxd5 exd5
15. Ng5 Bxg5 16. Bxg5 Qf7 17. Be3 Nf5 18. Bd2 d4 19. Rc1 Be6 20. Bb4 a5 21. Bd2
Bd5 22. Qg4 Ne3 23. Bxe3 dxe3 24. fxe3 Qf2+ 25. Kh1 Rae8 26. Bxh7+ Kxh7 27. Qh5+
Kg8 28. Qxd5+ Qf7 29. Qxd6 Re6 30. Qd5 Rg6 31. Qxf7+ Rxf7 32. Kg1 Re7 33. Rc5 a4
34. Rc4 Rb6 35. Rxa4 Rxb2 36. Rb4 Ra2 37. Rb3 Kf7 38. Reb1 Kf6 39. Rb6+ Kf5 40.
Rxb7 Rxe3 41. Rf1+ Ke5 42. Re7+ Kd4 43. Rd1+ Rd3 44. Rd7+ Ke3 45. R7xd3+ Ke4 46.
Rf3 Re2 47. Rdf1 g5 48. h3 g4 49. Rg3 gxh3 50. Rxh3 Kd4 51. Rhf3 Kd5 52. Rf4 Re4
53. Rxe4 Kxe4 54. g3 Kd5 55. g4 Kc5 56. g5 Kb5 57. g6 Ka4 58. g7 Kxa3 59. g8=Q
Kb4 60. Qg4+ Ka5 61. Rf5+ Kb6 62. Qg6+ Kc7 63. Rf7+ Kd8 64. Qg8# 1-0

[Event "Titled Tue 17th Jun Early"]
[Site "chess.com INT"]
[Date "2025.06.17"]
[Round "5"]
[White "Sanal, Vahap"]
[Black "So, Wesley"]
[Result "0-1"]
[WhiteTitle "GM"]
[BlackTitle "GM"]
[WhiteElo "2564"]
[BlackElo "2745"]
[WhiteFideId "6300545"]
[BlackFideId "5202213"]
[EventDate "2025.06.17"]

1. e4 d6 2. d4 Nf6 3. Bd3 e5 4. c3 d5 5. dxe5 Nxe4 6. Bxe4 dxe4 7. Qa4+ Bd7 8.
Qxe4 Bc6 9. Qg4 h5 10. Qh3 Qd7 11. e6 Qxe6+ 12. Qxe6+ fxe6 13. Nf3 Bxf3 14. gxf3
Nc6 15. Be3 Bd6 16. Nd2 O-O 17. Ke2 Rf5 18. Rag1 Raf8 19. Rg2 Ne7 20. Rhg1 g6
21. Bg5 Kf7 22. Bxe7 Kxe7 23. Rxg6 Bxh2 24. Rh1 Bd6 25. Rh6 Bf4 26. Rh7+ R8f7
27. R1xh5 Bxd2 28. Rxf7+ Rxf7 29. Kxd2 Rxf3 30. Ke2 Rf4 31. Ke3 Ra4 32. a3 Rg4
33. Ra5 a6 34. Rc5 Kd6 35. Rh5 Rg1 36. a4 Rd1 37. b4 Rd5 38. Rh8 Re5+ 39. Kd3
Rf5 40. Ke3 a5 41. Rd8+ Ke7 42. Rd4 b6 43. f4 Rh5 44. Kd3 c5 45. Re4 cxb4 46.
cxb4 Kd6 47. Kc4 axb4 48. Rd4+ Kc6 49. Kxb4 Rh4 50. Rc4+ Kd5 51. Kb5 e5 52. Rc1
Rxf4 53. Ra1 Rf6 54. Rd1+ Ke4 55. Rc1 Rd6 56. Rc6 Kd5 57. Rxd6+ Kxd6 58. Kxb6 e4
59. a5 e3 60. a6 e2 61. a7 e1=Q 62. a8=Q Qb4+ 63. Ka6 Qa4+ 64. Kb7 Qb5+ 65. Ka7
Kc7 0-1

[Event "Titled Tue 17th Jun Early"]
[Site "chess.com INT"]
[Date "2025.06.17"]
[Round "5"]
[White "Srihari, L"]
[Black "El Zein, Zayne-Eddine"]
[Result "1-0"]
[WhiteTitle "IM"]
[BlackTitle "CM"]
[WhiteElo "2353"]
[BlackElo "2194"]
[WhiteFideId "46642056"]
[BlackFideId "5313210"]
[EventDate "2025.06.17"]

1. c4 d6 2. Nc3 e5 3. Nf3 f5 4. d4 e4 5. Ng1 Nf6 6. Bf4 c6 7. e3 Be7 8. h4 Na6
9. Be2 Nc7 10. h5 O-O 11. Nh3 d5 12. Rc1 Ne6 13. Bg3 a6 14. cxd5 Nxd5 15. h6 g6
16. Qb3 b5 17. Be5 Bf6 18. O-O Bxe5 19. dxe5 Bb7 20. Rfd1 Qe7 21. a4 b4 22. Na2
a5 23. Bc4 Rad8 24. Rd2 Rd7 25. Rcd1 Rfd8 26. Qc2 Qh4 27. Nc1 Qxh6 28. Nb3 Ra8
29. Nf4 Nexf4 30. exf4 Re7 31. Nc5 Qxf4 32. Nxb7 e3 33. Rxd5 Qxf2+ 34. Qxf2
exf2+ 35. Kxf2 cxd5 36. Bxd5+ Kg7 37. e6 Ra7 38. Nd6 Rac7 39. Nc4 Rc5 40. b3 Kf6
41. Ke3 h5 42. Kd4 Rec7 43. Nd6 Rxd5+ 44. Kxd5 Rc2 45. Nb5 Rxg2 46. Nd4 Rg4 47.
Rc1 Re4 48. Rc7 h4 49. Rf7+ Kg5 50. e7 h3 51. Ne6+ Kg4 52. e8=Q h2 53. Rh7 Kg3
54. Qxg6+ Rg4 55. Qxf5 1-0